The Cultural Practice of Immigrant Filmmaking (Record no. 66159)
[ view plain ]
| 000 -LEADER | |
|---|---|
| fixed length control field | 01518nam a2200253Ii 4500 |
| 008 - FIXED-LENGTH DATA ELEMENTS--GENERAL INFORMATION | |
| fixed length control field | 221202s xx 000 0 und d |
| 100 1# - MAIN ENTRY--PERSONAL NAME | |
| Personal name | Andersson, Lars Gustaf, |
| Relator term | author |
| 245 #4 - TITLE STATEMENT | |
| Title | The Cultural Practice of Immigrant Filmmaking |
| 246 ## - VARYING FORM OF TITLE | |
| Title proper/short title | Minor Immigrant Cinemas in Sweden 1950:1990 |
| 264 ## - PRODUCTION, PUBLICATION, DISTRIBUTION, MANUFACTURE, AND COPYRIGHT NOTICE | |
| Name of producer, publisher, distributor, manufacturer | Intellect |
| Date of production, publication, distribution, manufacture, or copyright notice | 2019 |
| 300 ## - PHYSICAL DESCRIPTION | |
| Extent | 1 online resource |
| 336 ## - CONTENT TYPE | |
| Content type term | text |
| Content type code | txt |
| Source | rdacontent |
| 337 ## - MEDIA TYPE | |
| Media type term | computer |
| Media type code | c |
| Source | rdamedia |
| 338 ## - CARRIER TYPE | |
| Carrier type term | online resource |
| Carrier type code | cr |
| Source | rdacarrier |
| 520 ## - SUMMARY, ETC. | |
| Summary, etc. | Based on a research project funded by the Swedish Research Council, this book analyses 40 years of post-war independent immigrant filmmaking in Sweden. John Sundholm and Lars Gustaf Andersson consider the creativity that lies in the state of exile, offering analyses of over 50 rarely seen immigrant films that would otherwise remain invisible and unarchived. They shed light on the complex web of personal, economic and cultural circumstances around migrant filmmaking, and discuss associations that became important sites of self-organization for exiled filmmakers: The Independent Film Group, The Stockholm Film Workshop, Cineco, Kaleidoscope and Tensta Film Association. |
| 653 ## - INDEX TERM--UNCONTROLLED | |
| Uncontrolled term | Immigrant |
| 653 ## - INDEX TERM--UNCONTROLLED | |
| Uncontrolled term | Media & Communications |
| 653 ## - INDEX TERM--UNCONTROLLED | |
| Uncontrolled term | Minor Cinema |
| 653 ## - INDEX TERM--UNCONTROLLED | |
| Uncontrolled term | Public Sphere |
| 653 ## - INDEX TERM--UNCONTROLLED | |
| Uncontrolled term | Transnational Film Historiography |
| 700 1# - ADDED ENTRY--PERSONAL NAME | |
| Personal name | Sundholm, John |
| 856 ## - ELECTRONIC LOCATION AND ACCESS | |
| Uniform Resource Identifier | <a href="https://library.oapen.org/bitstream/20.500.12657/25077/1/1005017.pdfhttp://library.oapen.org/handle/20.500.12657/25077">https://library.oapen.org/bitstream/20.500.12657/25077/1/1005017.pdfhttp://library.oapen.org/handle/20.500.12657/25077</a> |
| 942 ## - ADDED ENTRY ELEMENTS (KOHA) | |
| Koha item type | E-Book |
| Withdrawn status | Damaged status | Not for loan | Home library | Current library | Date acquired | Total Checkouts | Date last seen | Price effective from | Koha item type |
|---|---|---|---|---|---|---|---|---|---|
| Directory of Open Access Books | Directory of Open Access Books | 11/28/2022 | 11/28/2022 | 11/28/2022 | E-Book |